| 000 | 01036nac a22002651i 4500 | ||
|---|---|---|---|
| 003 | EG-ScBUE | ||
| 005 | 20230102114348.0 | ||
| 008 | 100915s2006 maua f 000 0 eng d | ||
| 020 | _a1592532470 (pbk.) | ||
| 040 |
_aEG-ScBUE _beng _erda _cEG-ScBUE _dEG-ScBUE |
||
| 082 | 0 | 4 |
_a729.28 _bZEL _222 |
| 100 | 1 |
_aZelinsky, Marilyn, _eauthor. _919182 |
|
| 245 | 1 | 0 |
_aComplete lighting design : _ba practical design guide for perfect lighting / _cMarilyn Zelinsky-Syarto. |
| 264 | 1 |
_aGloucester, Massachusetts : _bQuarry Books, _c2006. |
|
| 300 |
_a176 pages : _billustrations ; _c28 cm |
||
| 336 |
_2rdacontent _atext _btxt |
||
| 337 |
_2rdamedia _aunmediated _bn |
||
| 338 |
_2rdacarrier _avolume _bnc |
||
| 650 | 7 |
_aLighting _xArchitectural and decorative. _2BUEsh _919183 |
|
| 653 | _bENGARC | ||
| 655 | _vReading book | ||
| 856 | 4 | 1 |
_3Table of contents only _uhttp://www.loc.gov/catdir/toc/ecip067/2006002722.html |
| 856 | 4 | 1 |
_3Publisher description _uhttp://www.loc.gov/catdir/enhancements/fy0661/2006002722-d.html |
| 942 |
_cBB _k729.28 ZEL _2ddc |
||
| 999 |
_c1893 _d1893 |
||